000 00328nam a2200145Ia 4500
005 20251222151344.0
008 251222s9999||||xx |||||||||||||| ||spa||
020 _a9788483462188
082 _a863.64/S67
100 _aSomosa, José Carlos
245 0 _aZig Zag
250 _a1ra.ed.
264 _bDebols!sollo
942 _cLIB
999 _c24581
_d24581